30 plantes à connaitre partie 2 - Statistiques

Statistiques générales
  • Ce quiz a été pris 21 fois
  • Le résultat moyen est 13 sur 45
Statistiques - réponses
Par images Réponse % Correct
pin sylvestre
67%
pin sylvestre
67%
pinus sylvestris
67%
pinus sylvestris
67%
platane
67%
vigne
67%
noisetier
50%
Pinaceae
50%
pinaceae
50%
rosaceae
50%
corylus avellana
33%
Peuplier noir
33%
platanaceae
33%
platanus x hispanica
33%
populus nigra
33%
rosa canina
33%
rosacea
33%
rosaceae
33%
sequoia geant
33%
tilia platyphyllos
33%
tilleul à grandes feuilles
33%
vitaceae
33%
Betulaceae
17%
cupressaceae
17%
cupressaceae
17%
juglandaceae
17%
juglans regia
17%
malvaceae
17%
noyer
17%
ronce commune
17%
rosier des chiens
17%
salicaceae
17%
sambucus nigra
17%
sorbier des oiseaux
17%
sureau noir
17%
thuya d'orient
17%
vitis vinifera
17%
adoxaceae
0%
platycladus orientalis
0%
rubus fructicosus
0%
salicaceae
0%
salix caprea
0%
saule marsault
0%
sequoiadendron giganteum
0%
sorbus aucuparia
0%
Aucun quiz correspondant
Distribution des résultats
% des personnes avec chaque résultat
Percentile par nombre de réponses
Votre historique - résultats
Vous n’avez pas pris ce quiz